[Event "POL-chT DMP Ekstraliga 2019"]
[Site "Katowice"]
[Date "2019.08.29"]
[Round "2.7"]
[White "Piorun, Kacper"]
[Black "Kuzmicz, Krystian"]
[Result "1-0"]
[WhiteElo "2660"]
[BlackElo "2461"]
[Annotator "TA"]
[PlyCount "105"]
[EventDate "2019.08.28"]
[EventType "team-tourn"]
[EventCountry "POL"]
[SourceTitle "playchess.com"]
[Source "ChessBase"]
[SourceQuality "1"]

{[%evp 25,105,22,20,11,19,12,69,45,47,65,49,-19,56,56,58,54,47,58,66,47,79,58,68,0,74,67,80,75,69,54,216,187,313,303,532,523,532,125,530,522,526,525,487,475,2314,534,534,533,486,481,699,702,672,657,680,677,822,803,993,967,966,822,1011,1011,982,974,945,947,868,842,986,977,5318,2426,2160,1805,29981,29982,29982,29983,29978,29979]} 1. e4 e5 2. Nf3 Nf6 3. Nxe5 d6 4. Nf3 Nxe4 5. d4 d5 6. Bd3 Bd6 7. O-O O-O 8. c4 c6 9. cxd5 cxd5 10. Nc3 Nxc3 11. bxc3 Bg4 12. Rb1 ({Predecessor:} 12. h3 Bh5 13. Rb1 {1-0 (31) Edouard,R (2446)-Libiszewski,F (2469) La Roche sur Yon 2007}) 12... Nd7 13. h3 Bh5 $1 14. Rxb7 {C42: Petroff Defence: 3 Nxe5 and unusual White 3rd moves} Nb6 15. Qc2 Bg6 $146 ({Black should play} 15... Bxf3 $1 $11 16. gxf3 (16. Bxh7+ Kh8 $11) 16... h6) (15... Bxf3 16. Bxh7+ Kh8 17. gxf3 Qh4 18. Bf5 g6 19. Bg4 f5 20. f4 fxg4 21. Qxg6 Be7 {1-0 (33) Ma,Q (2637)-Liu,Q (2502) China 2017}) 16. Ng5 {White is slightly better.} Qc8 17. Rxf7 $1 Bxf7 18. Bxh7+ Kh8 19. Bg6 $1 {[%cal Rg6f7]} Bxg6 $1 ({Worse is} 19... Bg8 20. Qe2 Rf3 21. Qxf3 Be6 22. Re1 Bh2+ 23. Kxh2 Qb8+ 24. Bf4 Qxf4+ 25. Qxf4) 20. Qxg6 $40 {[%csl Gg5][%cal Rg6h7][%mdl 128] White is up to no good.} Qf5 21. Qxd6 Rae8 22. Qg3 Nc4 23. f3 Kg8 24. Re1 (24. Kh2 $14) 24... Qc2 {[#]} (24... Qg6 $11 {keeps the balance.}) 25. Kh2 $1 $16 ({Inferior is} 25. Ne6 Rxe6 26. Rxe6 Qxc1+ 27. Qe1 Qxe1+ 28. Rxe1 Rb8 $17) 25... Qg6 26. Rxe8 Rxe8 27. Qg4 Re2 $2 (27... Rf8 $14) 28. f4 $18 Qe8 (28... Re7 $142 29. Qc8+ Re8) 29. f5 ({Resist} 29. Qf5 $6 Rxg2+ 30. Kxg2 Qe2+ 31. Kg3 Qe1+ 32. Kf3 Qf1+ 33. Kg4 Qe2+ 34. Kh4 Qe1+ 35. Kh5 Qe8+ 36. Nf7 Qxf7+ 37. Kg4 Nd6 $16) 29... Rc2 $2 (29... Nd2) 30. Qh4 {And now Qh7+ would win.} Rxc1 31. Qh7+ Kf8 {( -> ...Qb8+)} 32. Ne6+ {[%mdl 64] [#] Double Attack} Ke7 {Strongly threatening ...Qb8+.} 33. Qxg7+ Qf7 {...Qxg7 is the strong threat.} 34. Qg5+ {[%mdl 64] Double Attack} Kd7 (34... Qf6 $142) 35. Qxc1 (35. Qd8+ $142 Kc6 36. Qc8+ Kb6 37. Qc5+ {[%mdl 64] Double Attack} Ka6 38. Qb4 Qxe6 39. fxe6) 35... Qxf5 36. Nc5+ Ke7 37. Qe1+ Kd6 (37... Kf6 $142 38. Qh4+ Kf7) 38. Qh4 Kc6 39. Qh6+ Kc7 40. Qg7+ Kd6 41. a4 Kc6 42. Qb7+ Kd6 43. Qb8+ Kc6 44. Na6 {[%csl Ga6][%cal Rb8c7]} Kd7 45. Qxa7+ Ke8 46. Qb8+ Kf7 47. Qc7+ Ke8 48. Nc5 Nd2 49. Qe5+ Qxe5+ 50. dxe5 Nb1 51. a5 {[%cal Ba4a5,Ba5a6][%mdl 32] White mates.} Nxc3 52. a6 Nb5 53. h4 {Accuracy: White = 86%, Black = 51%.} 1-0

[Event "POL-chT DMP Ekstraliga 2019"]
[Site "Katowice"]
[Date "2019.08.29"]
[Round "2.8"]
[White "Brodowski, Piotr"]
[Black "Bluebaum, Matthias"]
[Result "0-1"]
[WhiteElo "2430"]
[BlackElo "2619"]
[Annotator "TA"]
[PlyCount "74"]
[EventDate "2019.08.28"]
[EventType "team-tourn"]
[EventCountry "POL"]
[SourceTitle "playchess.com"]
[Source "ChessBase"]
[SourceQuality "1"]

{[%evp 12,73,10,19,18,14,14,14,10,9,25,-34,-53,-39,-40,-38,-52,-45,-48,-37,-35,-35,-13,-19,-25,-24,0,0,0,0,0,-20,-21,-64,-58,-76,-88,-79,-45,-40,-34,-48,-48,-71,-79,-69,-32,-25,-17,-105,-101,-132,-135,-251,-265,-266,-264,-264,-252,-264,-260,-422,-334,-29999]} 1. c4 e6 2. Nf3 d5 3. e3 Nf6 4. b3 c5 5. Bb2 Nc6 6. cxd5 exd5 7. Be2 d4 {A13: English Opening: 1...e6} 8. exd4 cxd4 9. Bb5 Bc5 {The position is equal.} (9... Qe7+ 10. Qe2 Qxe2+ 11. Kxe2 Bd7 12. Re1 O-O-O 13. Kf1 a6 14. Bxc6 Bxc6 15. Nxd4 Be4 16. Nf3 Bxf3 17. gxf3 Bd6 18. Bxf6 {½-½ (18) Dubov,D (2703)-Aronian,L (2765) St Petersburg 2018}) 10. Qe2+ Be6 11. Ng5 ({White should try} 11. Bxc6+ $11 bxc6 12. Qe5) 11... Qd6 $15 12. Nxe6 fxe6 13. O-O O-O 14. Bxc6 Qxc6 $146 ({Predecessor:} 14... bxc6 15. d3 {0-1 (40) Ivkov,B (2460)-Hresc,V (2355) Cannes 1988}) 15. d3 Nd5 16. Nd2 Nf4 {[%csl Gf4][%cal Rc6g2]} 17. Qe4 Rac8 18. g3 Qxe4 19. Nxe4 Ne2+ $40 {[%mdl 128] Black has some attack.} 20. Kg2 Be7 21. Bc1 Rc2 22. Bd2 Ba3 23. Rae1 Nc3 24. Bf4 Nxa2 25. Ng5 $1 {[%cal Rg5e6]} Nb4 26. Ra1 Bb2 ({Of course not} 26... Nxd3 $6 27. Rxa3 e5 28. b4 $14) 27. Rxa7 {[#] Hoping for Bd6.} e5 $1 {[%cal Re5f4]} 28. Bxe5 Nxd3 29. Bd6 Re8 30. Rxb7 (30. Nf3 $1 $11 {was the only way to keep the balance.}) 30... h6 $17 31. Nf3 Ree2 {[%cal Re2f2]} 32. g4 (32. Kg1 $17) 32... Nxf2 $19 {Strongly threatening ...Ne4+.} 33. Ng1 Ne4+ 34. Nxe2 Rxe2+ ({Inferior is} 34... Nxd6 35. Rb8+ Kh7 36. Kf3 $14) 35. Kf3 Re3+ ({And not} 35... Nxd6 {[#]} 36. Rxg7+ $1 {[%mdl 512]} Kxg7 37. Kxe2 $11) 36. Kf4 $2 (36. Kg2 Nxd6 37. Rb8+ Kh7 38. Rf3) 36... Nxd6 {[%csl Gh6][%cal Rg7g5]} 37. Rd7 $2 {Accuracy: White = 46%, Black = 88%.} (37. Rb8+ $19 Kf7 38. h4) 37... g5# 0-1

[Event "POL-chT DMP Ekstraliga 2019"]
[Site "Katowice"]
[Date "2019.08.29"]
[Round "2.9"]
[White "Kanarek, Marcel"]
[Black "Skawinski, Arkadiusz"]
[Result "1/2-1/2"]
[WhiteElo "2493"]
[BlackElo "2398"]
[Annotator "ChessBase"]
[PlyCount "53"]
[EventDate "2019.08.28"]
[EventType "team-tourn"]
[EventCountry "POL"]
[SourceTitle "playchess.com"]
[Source "ChessBase"]
[SourceQuality "1"]
[TimeControl "40/5400+30:1800+30"]

1. Nf3 {[%emt 0:00:00]} d5 {[%emt 0:00:00]} 2. g3 {[%emt 0:00:00]} Nf6 {[%emt 0:00:00]} 3. Bg2 {[%emt 0:00:00]} e6 {[%emt 0:00:00]} 4. O-O {[%emt 0:00:33]} Be7 {[%emt 0:00:00]} 5. d4 {[%emt 0:00:06]} O-O {[%emt 0:00:00]} 6. c4 {[%emt 0:00:16]} dxc4 {[%emt 0:00:00]} 7. Ne5 {[%emt 0:00:41]} Nc6 {[%emt 0:00:34]} 8. Nxc6 {[%emt 0:01:04]} bxc6 {[%emt 0:00:04]} 9. Na3 {[%emt 0:00:06]} Bxa3 {[%emt 0:01:59]} 10. bxa3 {[%emt 0:00:04]} Rb8 {[%emt 0:02:35]} 11. Qa4 {[%emt 0:02:34]} Rb6 {[%emt 0:13:00]} 12. Qxc4 {[%emt 0:05:22]} Ba6 {[%emt 0:00:28]} 13. Qc2 Qxd4 {[%emt 0:31:15]} 14. Be3 {[%emt 0:03:05]} Rb2 {[%emt 0:00:08]} 15. Qxc6 {[%emt 0:36:50]} Qc4 {[%emt 0:00:10]} 16. Bxa7 {[%emt 0:08:25]} Nd5 {[%emt 0:01:13]} 17. Qxc4 {[%emt 0:17:37]} Bxc4 {[%emt 0:00:08]} 18. Rfc1 {[%emt 0:00:34]} Bxe2 {[%emt 0:01:05]} 19. Bxd5 {[%emt 0:02:32]} exd5 {[%emt 0:00:05]} 20. Rxc7 {[%emt 0:00:08]} Bc4 {[%emt 0:01:58]} 21. a4 {[%emt 0:02:50]} h6 {[%emt 0:06:50]} 22. a5 {[%emt 0:03:41]} Re8 {[%emt 0:27:08]} 23. a4 {[%emt 0:05:20]} Ree2 {[%emt 0:02:02]} 24. Bd4 {[%emt 0:07:07]} Rbd2 {[%emt 0:00:37]} 25. Be3 {[%emt 0:01:20]} Ra2 {[%emt 0:00:48]} 26. Rxa2 {[%emt 0:01:26]} Rxa2 {[%emt 0:00:06]} 27. Kg2 {[%emt 0:01:09]} 1/2-1/2

[Event "POL-chT DMP Ekstraliga 2019"]
[Site "Katowice"]
[Date "2019.08.29"]
[Round "2.10"]
[White "Luch, Michal"]
[Black "Janik, Igor"]
[Result "0-1"]
[WhiteElo "2393"]
[BlackElo "2483"]
[Annotator "ChessBase"]
[PlyCount "82"]
[EventDate "2019.08.28"]
[EventType "team-tourn"]
[EventCountry "POL"]
[SourceTitle "playchess.com"]
[Source "ChessBase"]
[SourceQuality "1"]
[TimeControl "40/5400+30:1800+30"]

1. d4 {[%emt 0:00:00]} Nf6 {[%emt 0:00:00]} 2. c4 {[%emt 0:00:00]} e6 {[%emt 0:00:00]} 3. Nf3 {[%emt 0:00:08]} b6 {[%emt 0:00:01]} 4. a3 {[%emt 0:00:38]} Bb7 {[%emt 0:00:34]} 5. Nc3 {[%emt 0:00:08]} d5 {[%emt 0:00:22]} 6. cxd5 {[%emt 0:00:49]} Nxd5 {[%emt 0:00:09]} 7. Qc2 {[%emt 0:06:26]} Be7 {[%emt 0:00:27]} 8. e4 {[%emt 0:02:35]} Nxc3 {[%emt 0:00:09]} 9. bxc3 {[%emt 0:00:02]} O-O {[%emt 0:00:15]} 10. Bd3 {[%emt 0:06:34]} c5 {[%emt 0:00:04]} 11. O-O {[%emt 0:02:37]} cxd4 {[%emt 0:00:09]} 12. cxd4 {[%emt 0:00:08]} Nc6 {[%emt 0:00:45]} 13. Bb2 {[%emt 0:03:52]} Rc8 {[%emt 0:00:23]} 14. Qe2 {[%emt 0:03:12]} Na5 {[%emt 0:00:42]} 15. Rad1 {[%emt 0:02:46]} Qd7 {[%emt 0:00:06]} 16. Bb5 Bc6 {[%emt 0:06:10]} 17. Ba6 {[%emt 0:03:55]} Bb7 {[%emt 0:01:15]} 18. Bb5 {[%emt 0:00:19]} Qd6 {[%emt 0:01:25]} 19. Rfe1 {[%emt 0:06:57]} Bc6 {[%emt 0:05:07]} 20. Ba6 {[%emt 0:02:36]} Ba4 {[%emt 0:00:39]} 21. Rd2 {[%emt 0:05:54]} Rcd8 {[%emt 0:01:08]} 22. d5 {[%emt 0:21:40]} exd5 {[%emt 0:16:09]} 23. Rxd5 {[%emt 0:03:51]} Qg6 {[%emt 0:00:26]} 24. Bd3 {[%emt 0:01:58]} Bb3 {[%emt 0:01:57]} 25. Rf5 {[%emt 0:05:55]} Qd6 {[%emt 0:02:42]} 26. Bb1 {[%emt 0:06:08]} g6 {[%emt 0:08:18]} 27. Nd4 {[%emt 0:04:19]} Bc4 {[%emt 0:05:01]} 28. Qe3 {[%emt 0:04:06]} f6 {[%emt 0:00:33]} 29. Rf3 {[%emt 0:05:48]} Qe5 {[%emt 0:03:40]} 30. Rf5 {[%emt 0:00:54]} Qc7 {[%emt 0:00:45]} 31. Qh6 {[%emt 0:00:41]} gxf5 {[%emt 0:03:42]} 32. Nxf5 {[%emt 0:00:02]} Rf7 {[%emt 0:00:17]} 33. h4 {[%emt 0:00:58]} Nc6 {[%emt 0:04:10]} 34. Rc1 {[%emt 0:00:29]} b5 {[%emt 0:00:44]} 35. Qh5 {[%emt 0:00:05]} Bf8 {[%emt 0:00:40]} 36. Rc3 {[%emt 0:00:56]} Ne5 {[%emt 0:01:10]} 37. Rg3+ {[%emt 0:00:13]} Kh8 {[%emt 0:01:19]} 38. f4 {[%emt 0:00:45]} Nd3 {[%emt 0:01:21]} 39. Qg4 {[%emt 0:00:33]} Bc5+ {[%emt 0:00:11]} 40. Bd4 {[%emt 0:00:00]} Bxd4+ {[%emt 0:00:00]} 41. Nxd4 {[%emt 0:00:36]} Qb6 {[%emt 0:00:23]} 0-1

[Event "POL-chT DMP Ekstraliga 2019"]
[Site "Katowice"]
[Date "2019.08.29"]
[Round "2.11"]
[White "Tomczak, Mikolaj"]
[Black "Butkiewicz, Lukasz"]
[Result "1/2-1/2"]
[WhiteElo "2432"]
[BlackElo "2436"]
[Annotator "NA"]
[PlyCount "58"]
[EventDate "2019.08.28"]
[EventType "team-tourn"]
[EventCountry "POL"]
[SourceTitle "playchess.com"]
[Source "ChessBase"]
[SourceQuality "1"]
[TimeControl "40/5400+30:1800+30"]

1. Nf3 {[%emt 0:00:00]} Nf6 {[%emt 0:00:00]} 2. g3 {[%emt 0:00:00]} b5 {[%emt 0:00:23]} 3. Bg2 {[%emt 0:00:00]} Bb7 {[%emt 0:00:09]} 4. O-O {[%emt 0:00:13]} e6 {[%emt 0:01:19]} 5. d3 {[%emt 0:00:15]} Be7 {[%emt 0:01:28]} 6. e4 {[%emt 0:00:20]} d6 {[%emt 0:06:20]} 7. Nbd2 {[%emt 0:02:42]} c5 {[%emt 0:03:51]} 8. a4 {[%emt 0:02:42]} b4 {[%emt 0:00:47]} 9. Nc4 {[%emt 0:00:51]} O-O {[%emt 0:03:00]} 10. Re1 {[%emt 0:05:34]} a5 11. Bf4 {[%emt 0:10:03]} e5 {[%emt 0:06:26]} 12. Bg5 {[%emt 0:00:21]} h6 {[%emt 0:03:07]} 13. Bxf6 {[%emt 0:01:13]} Bxf6 {[%emt 0:00:18]} 14. Nfd2 {[%emt 0:01:48]} Nc6 {[%emt 0:01:31]} 15. Nf1 {[%emt 0:01:33]} g6 {[%emt 0:02:47]} 16. Nfe3 {[%emt 0:02:15]} Bg7 {[%emt 0:02:27]} 17. h4 {[%emt 0:08:03]} h5 {[%emt 0:01:48]} 18. c3 {[%emt 0:11:52]} Ne7 {[%emt 0:05:52]} 19. Bf3 {[%emt 0:03:45]} Ra6 {[%emt 0:03:26]} 20. Rf1 {[%emt 0:09:20]} Qa8 {[%emt 0:03:02]} 21. Nd2 {[%emt 0:03:50]} d5 {[%emt 0:07:36]} 22. exd5 {[%emt 0:02:05]} Nxd5 {[%emt 0:00:08]} 23. Nxd5 {[%emt 0:14:05]} Bxd5 {[%emt 0:00:05]} 24. Be4 {[%emt 0:03:32]} Rd8 {[%emt 0:03:45]} 25. Qc2 {[%emt 0:02:36]} f5 {[%emt 0:02:55]} 26. Bxd5+ {[%emt 0:00:08]} Qxd5 {[%emt 0:00:09]} 27. Rad1 {[%emt 0:01:15]} Kh8 {[%emt 0:06:35]} 28. Nc4 {[%emt 0:00:54]} Rf8 {[%emt 0:04:13]} 29. Qe2 {[%emt 0:02:21]} bxc3 {[%emt 0:07:40]} 1/2-1/2

[Event "POL-chT DMP Ekstraliga 2019"]
[Site "Katowice"]
[Date "2019.08.29"]
[Round "2.12"]
[White "Bartel, Marta"]
[Black "Cyfka, Karina"]
[Result "1/2-1/2"]
[WhiteElo "2244"]
[BlackElo "2413"]
[Annotator "NA"]
[PlyCount "88"]
[EventDate "2019.08.28"]
[EventType "team-tourn"]
[EventCountry "POL"]
[SourceTitle "playchess.com"]
[Source "ChessBase"]
[SourceQuality "1"]
[TimeControl "40/5400+30:1800+30"]

1. d4 {[%emt 0:00:00]} Nf6 {[%emt 0:00:00]} 2. c4 {[%emt 0:00:00]} b6 {[%emt 0:00:49]} 3. Nf3 {[%emt 0:00:18]} Bb7 {[%emt 0:10:20]} 4. Nc3 d5 {[%emt 0:00:17]} 5. cxd5 {[%emt 0:05:10]} Nxd5 6. Qc2 {[%emt 0:01:21]} e6 {[%emt 0:00:39]} 7. e4 {[%emt 0:01:41]} Nxc3 {[%emt 0:00:37]} 8. bxc3 {[%emt 0:00:00]} Be7 {[%emt 0:02:10]} 9. Bd3 {[%emt 0:06:32]} c5 {[%emt 0:02:03]} 10. O-O {[%emt 0:04:13]} O-O {[%emt 0:16:17]} 11. Bb2 {[%emt 0:00:51]} Qc7 {[%emt 0:02:36]} 12. Qe2 {[%emt 0:04:50]} Rc8 {[%emt 0:02:43]} 13. Rfd1 {[%emt 0:00:20]} c4 {[%emt 0:02:09]} 14. Bc2 {[%emt 0:18:00]} Nd7 {[%emt 0:06:30]} 15. Bc1 {[%emt 0:08:28]} b5 {[%emt 0:05:05]} 16. Bg5 {[%emt 0:18:02]} Ba3 {[%emt 0:00:59]} 17. Rab1 {[%emt 0:00:46]} a6 {[%emt 0:02:51]} 18. Bd2 {[%emt 0:03:53]} Nf8 {[%emt 0:01:37]} 19. Qe3 Be7 {[%emt 0:02:00]} 20. h4 {[%emt 0:03:50]} Bc6 {[%emt 0:01:29]} 21. h5 {[%emt 0:04:41]} h6 {[%emt 0:02:11]} 22. Ne5 {[%emt 0:04:18]} Be8 23. Qh3 Bd6 {[%emt 0:05:08]} 24. Ng4 {[%emt 0:02:17]} Bf4 {[%emt 0:04:42]} 25. e5 {[%emt 0:00:09]} Bxd2 {[%emt 0:00:04]} 26. Rxd2 {[%emt 0:00:01]} Qe7 {[%emt 0:00:50]} 27. f4 {[%emt 0:01:54]} Rab8 {[%emt 0:01:07]} 28. Rf2 b4 {[%emt 0:04:13]} 29. Rxb4 {[%emt 0:03:40]} Rxb4 {[%emt 0:00:34]} 30. cxb4 {[%emt 0:00:01]} Qxb4 {[%emt 0:00:51]} 31. Qe3 Ba4 32. a3 {[%emt 0:05:37]} Qb5 {[%emt 0:03:14]} 33. Kh2 {[%emt 0:01:56]} Bxc2 {[%emt 0:05:22]} 34. Rxc2 {[%emt 0:00:01]} Nd7 {[%emt 0:00:47]} 35. Qe2 Qd5 {[%emt 0:04:11]} 36. Qe3 {[%emt 0:03:17]} Qb5 {[%emt 0:02:15]} 37. Qe2 {[%emt 0:00:11]} Qd5 {[%emt 0:08:01]} 38. Qe3 {[%emt 0:00:06]} Nb6 {[%emt 0:01:59]} 39. Nf2 {[%emt 0:01:39]} Qd8 {[%emt 0:00:20]} 40. g3 {[%emt 0:00:00]} Nd5 {[%emt 0:00:00]} 41. Qe2 {[%emt 0:06:36]} Nb6 42. Qe3 {[%emt 0:00:14]} Nd5 {[%emt 0:03:35]} 43. Qe2 {[%emt 0:00:30]} Nb6 {[%emt 0:00:04]} 44. Qe3 {[%emt 0:00:09]} Nd5 {[%emt 0:00:08]} 1/2-1/2

[Event "POL-chT DMP Ekstraliga 2019"]
[Site "Katowice"]
[Date "2019.08.29"]
[Round "2.13"]
[White "Bartel, Mateusz"]
[Black "Matuszewski, Michal"]
[Result "1-0"]
[WhiteElo "2612"]
[BlackElo "2518"]
[Annotator "TA"]
[PlyCount "23"]
[EventDate "2019.08.28"]
[EventType "team-tourn"]
[EventCountry "POL"]
[SourceTitle "playchess.com"]
[Source "ChessBase"]
[SourceQuality "1"]

{[%evp 11,23,1,15,-3,0,11,0,-2,5,0,458,453,478,459]} 1. d4 Nf6 2. c4 e6 3. Nc3 Bb4 4. Nf3 b6 5. e3 Bb7 6. Bd2 c5 7. a3 {E21: Nimzo-Indian: 4 Nf3} Bxc3 8. Bxc3 Ne4 9. Rc1 O-O 10. Bd3 (10. Be2 d6 11. O-O Nxc3 12. Rxc3 Nd7 13. dxc5 Nxc5 {½-½ (32) Mirzoev,A (2555)-Adams,M (2697) Konya 2010}) 10... cxd4 $146 {[%mdl 8192] [#]} (10... Nxc3 $11 11. Rxc3 f5) ({Predecessor:} 10... Nxc3 11. Rxc3 cxd4 12. exd4 d5 13. O-O dxc4 14. Bxc4 Nd7 15. Be2 Rc8 16. Qd2 Nf6 17. Rxc8 Qxc8 {0-1 (48) Flech,R (1805)-Uema,G (1720) Porto Alegre 2017}) 11. Bxe4 $1 $18 Bxe4 12. Qxd4 {[%mdl 64] Double Attack} 1-0

[Event "POL-chT DMP Ekstraliga 2019"]
[Site "Katowice"]
[Date "2019.08.29"]
[Round "2.14"]
[White "Leniart, Arkadiusz"]
[Black "Mastrovasilis, Dimitrios"]
[Result "0-1"]
[WhiteElo "2488"]
[BlackElo "2594"]
[Annotator "ChessBase"]
[PlyCount "82"]
[EventDate "2019.08.28"]
[EventType "team-tourn"]
[EventCountry "POL"]
[SourceTitle "playchess.com"]
[Source "ChessBase"]
[SourceQuality "1"]
[TimeControl "40/5400+30:1800+30"]

1. d4 {[%emt 0:00:00]} d5 {[%emt 0:00:00]} 2. c4 {[%emt 0:00:00]} c6 {[%emt 0:00:00]} 3. Nf3 {[%emt 0:00:00]} Nf6 {[%emt 0:00:07]} 4. Nc3 {[%emt 0:00:00]} dxc4 {[%emt 0:00:27]} 5. e4 {[%emt 0:00:00]} b5 {[%emt 0:00:38]} 6. a4 {[%emt 0:00:00]} b4 7. Na2 {[%emt 0:00:04]} Nxe4 {[%emt 0:07:31]} 8. Bxc4 {[%emt 0:00:04]} e6 {[%emt 0:01:23]} 9. O-O {[%emt 0:00:07]} Be7 {[%emt 0:00:45]} 10. Re1 {[%emt 0:00:05]} Nf6 {[%emt 0:00:59]} 11. Bg5 {[%emt 0:00:11]} Nbd7 12. Nc1 {[%emt 0:16:58]} O-O {[%emt 0:27:32]} 13. Nb3 {[%emt 0:03:29]} Bb7 {[%emt 0:06:58]} 14. Qe2 {[%emt 0:08:20]} c5 {[%emt 0:10:18]} 15. Bxf6 {[%emt 0:19:08]} Bxf6 {[%emt 0:01:31]} 16. dxc5 {[%emt 0:00:52]} Qe7 {[%emt 0:06:29]} 17. c6 {[%emt 0:02:22]} Bxc6 {[%emt 0:00:07]} 18. Nfd4 {[%emt 0:00:16]} Bxd4 {[%emt 0:12:35]} 19. Nxd4 {[%emt 0:00:04]} Rac8 {[%emt 0:00:40]} 20. Rad1 {[%emt 0:07:43]} Nc5 {[%emt 0:03:09]} 21. Qh5 {[%emt 0:10:37]} g6 {[%emt 0:01:34]} 22. Qe5 {[%emt 0:03:50]} Bxa4 {[%emt 0:06:36]} 23. b3 {[%emt 0:04:52]} Bc6 {[%emt 0:01:45]} 24. f4 {[%emt 0:03:29]} Ba8 {[%emt 0:01:52]} 25. Nb5 {[%emt 0:05:41]} Rcd8 {[%emt 0:02:43]} 26. Nd6 {[%emt 0:01:15]} Nd7 {[%emt 0:00:05]} 27. Qa1 {[%emt 0:04:58]} Nf6 {[%emt 0:02:25]} 28. Qe5 {[%emt 0:02:07]} Bd5 {[%emt 0:00:35]} 29. Bxd5 {[%emt 0:00:42]} Rxd6 {[%emt 0:00:54]} 30. Bf3 {[%emt 0:00:28]} Rxd1 {[%emt 0:00:49]} 31. Rxd1 {[%emt 0:00:04]} Rd8 {[%emt 0:00:31]} 32. Rxd8+ {[%emt 0:00:43]} Qxd8 {[%emt 0:00:03]} 33. g4 {[%emt 0:00:32]} Nd7 {[%emt 0:01:31]} 34. Qe4 {[%emt 0:00:07]} Qb6+ {[%emt 0:01:54]} 35. Kg2 {[%emt 0:00:07]} Qc5 {[%emt 0:00:49]} 36. g5 {[%emt 0:00:26]} Qc3 {[%emt 0:00:57]} 37. Qa8+ {[%emt 0:00:28]} Kg7 {[%emt 0:00:59]} 38. Qxa7 {[%emt 0:00:07]} Nc5 {[%emt 0:00:15]} 39. h4 {[%emt 0:00:30]} Nd3 {[%emt 0:01:03]} 40. Kg3 {[%emt 0:00:00]} Qe1+ {[%emt 0:00:00]} 41. Kg4 {[%emt 0:02:04]} Nf2+ {[%emt 0:01:03]} 0-1

[Event "POL-chT DMP Ekstraliga 2019"]
[Site "Katowice"]
[Date "2019.08.29"]
[Round "2.15"]
[White "Tazbir, Marcin"]
[Black "Druska, Juraj"]
[Result "1/2-1/2"]
[WhiteElo "2521"]
[BlackElo "2460"]
[Annotator "ChessBase"]
[PlyCount "25"]
[EventDate "2019.08.28"]
[EventType "team-tourn"]
[EventCountry "POL"]
[SourceTitle "playchess.com"]
[Source "ChessBase"]
[SourceQuality "1"]
[TimeControl "40/5400+30:1800+30"]

1. e4 {[%emt 0:00:00]} c5 {[%emt 0:00:00]} 2. Nf3 {[%emt 0:00:00]} e6 {[%emt 0:00:01]} 3. d3 {[%emt 0:01:36]} Nc6 {[%emt 0:00:26]} 4. g3 {[%emt 0:00:07]} d5 {[%emt 0:00:10]} 5. Qe2 {[%emt 0:00:07]} Nf6 {[%emt 0:00:08]} 6. Bg2 {[%emt 0:00:05]} Be7 {[%emt 0:00:04]} 7. O-O {[%emt 0:00:08]} b5 {[%emt 0:00:04]} 8. e5 {[%emt 0:03:00]} Nd7 {[%emt 0:01:04]} 9. c4 {[%emt 0:00:28]} bxc4 {[%emt 0:03:26]} 10. dxc4 {[%emt 0:00:31]} Ba6 {[%emt 0:07:47]} 11. Na3 {[%emt 0:02:54]} O-O {[%emt 0:08:05]} 12. Re1 Rb8 {[%emt 0:26:43]} 13. h4 {[%emt 0:31:43]} 1/2-1/2

[Event "POL-chT DMP Ekstraliga 2019"]
[Site "Katowice"]
[Date "2019.08.29"]
[Round "2.16"]
[White "Kaczmarek, Aleksander"]
[Black "Sadzikowski, Daniel"]
[Result "0-1"]
[WhiteElo "2389"]
[BlackElo "2502"]
[Annotator "ChessBase"]
[PlyCount "108"]
[EventDate "2019.08.28"]
[EventType "team-tourn"]
[EventCountry "POL"]
[SourceTitle "playchess.com"]
[Source "ChessBase"]
[SourceQuality "1"]
[TimeControl "40/5400+30:1800+30"]

1. e4 c5 {[%emt 0:00:00]} 2. Nf3 {[%emt 0:00:00]} Nc6 {[%emt 0:00:00]} 3. d4 {[%emt 0:00:00]} cxd4 {[%emt 0:00:00]} 4. Nxd4 {[%emt 0:00:00]} Nf6 {[%emt 0:00:00]} 5. Nc3 {[%emt 0:00:06]} d6 {[%emt 0:00:00]} 6. Bg5 {[%emt 0:00:10]} e6 {[%emt 0:00:00]} 7. Bb5 {[%emt 0:00:04]} Bd7 {[%emt 0:02:02]} 8. Bxc6 {[%emt 0:00:06]} bxc6 {[%emt 0:01:06]} 9. Qf3 {[%emt 0:00:06]} h6 {[%emt 0:07:20]} 10. Bh4 {[%emt 0:01:42]} Qa5 {[%emt 0:11:26]} 11. Bxf6 {[%emt 0:07:50]} gxf6 {[%emt 0:00:20]} 12. Qxf6 {[%emt 0:01:22]} Rg8 {[%emt 0:00:18]} 13. Nb3 {[%emt 0:02:53]} Qh5 {[%emt 0:03:47]} 14. Qf3 {[%emt 0:02:32]} Qxf3 {[%emt 0:00:30]} 15. gxf3 {[%emt 0:00:30]} Rb8 {[%emt 0:00:30]} 16. O-O-O {[%emt 0:00:30]} h5 {[%emt 0:00:30]} 17. Kb1 {[%emt 0:00:30]} Rg2 {[%emt 0:00:30]} 18. Rd3 {[%emt 0:00:30]} Kd8 {[%emt 0:00:30]} 19. Nd1 {[%emt 0:00:30]} Kc7 {[%emt 0:31:30]} 20. f4 {[%emt 0:24:18]} h4 {[%emt 0:00:30]} 21. Rf3 {[%emt 0:12:05]} d5 22. e5 c5 {[%emt 0:13:37]} 23. Ne3 {[%emt 0:00:43]} Rg7 24. Rh3 {[%emt 0:02:17]} d4 {[%emt 0:12:00]} 25. Nc4 Rg4 {[%emt 0:00:41]} 26. c3 {[%emt 0:02:17]} Bc6 {[%emt 0:01:09]} 27. f3 {[%emt 0:01:25]} Rxf4 {[%emt 0:01:48]} 28. cxd4 {[%emt 0:02:43]} cxd4 {[%emt 0:05:30]} 29. Rg1 {[%emt 0:03:39]} Be7 {[%emt 0:02:24]} 30. Ncd2 {[%emt 0:02:38]} Bd5 31. Rg4 {[%emt 0:00:03]} Rxg4 {[%emt 0:00:50]} 32. fxg4 {[%emt 0:00:30]} Rg8 {[%emt 0:00:55]} 33. Nxd4 {[%emt 0:02:27]} Rxg4 {[%emt 0:00:30]} 34. Rc3+ {[%emt 0:05:39]} Kb6 {[%emt 0:00:09]} 35. Rd3 {[%emt 0:00:30]} Rg1+ {[%emt 0:00:30]} 36. Kc2 {[%emt 0:00:30]} Rg2 {[%emt 0:00:30]} 37. Kc3 {[%emt 0:00:30]} Rxh2 {[%emt 0:00:30]} 38. Nc4+ {[%emt 0:00:30]} Bxc4 {[%emt 0:00:30]} 39. Kxc4 {[%emt 0:00:30]} Rxb2 {[%emt 0:00:30]} 40. Rf3 {[%emt 0:00:30]} Bc5 {[%emt 0:00:00]} 41. a3 {[%emt 0:07:39]} Bxd4 {[%emt 0:08:54]} 42. Kxd4 {[%emt 0:00:30]} Rd2+ {[%emt 0:00:30]} 43. Ke3 {[%emt 0:00:30]} Rd5 {[%emt 0:00:30]} 44. Ke4 {[%emt 0:00:30]} Ra5 {[%emt 0:00:30]} 45. Rxf7 {[%emt 0:00:30]} Ra4+ {[%emt 0:00:30]} 46. Kf3 {[%emt 0:00:30]} Rxa3+ {[%emt 0:00:30]} 47. Kg4 {[%emt 0:00:30]} Ra4+ {[%emt 0:00:30]} 48. Kg5 {[%emt 0:00:30]} Re4 {[%emt 0:00:30]} 49. Kf6 {[%emt 0:00:30]} Rf4+ {[%emt 0:00:30]} 50. Kxe6 {[%emt 0:00:30]} Rxf7 {[%emt 0:00:30]} 51. Kxf7 {[%emt 0:00:30]} h3 {[%emt 0:00:30]} 52. e6 {[%emt 0:00:30]} h2 {[%emt 0:00:30]} 53. e7 {[%emt 0:00:30]} h1=Q {[%emt 0:00:30]} 54. e8=Q {[%emt 0:00:30]} Qh5+ {[%emt 0:00:30]} 0-1